000 00291nam a22001337a 4500
008 170612b xxu||||| |||| 00| 0 eng d
020 _a18676432270010
041 _aeng
080 _a94(7/8)
100 _a19
101 _aSHP
245 _aCOMISSION REPORT
_cKEAN.TH.H
942 _2udc
_cBK
999 _c16846
_d16846